KOHA-Header-6

Software Engineering (Record no. 7762)

000 -LEADER
fixed length control field 00242nam a2200109Ia 4500
020 ## - INTERNATIONAL STANDARD BOOK NUMBER
ISBN 978-0073655789
100 ## - MAIN ENTRY--AUTHOR NAME
Personal name Roger S. Pressman
245 #0 - TITLE STATEMENT
Title Software Engineering
260 ## - PUBLICATION, DISTRIBUTION, ETC. (IMPRINT)
Place of publication New York
Name of publisher Prentice Hall
Year of publication 2001
300 ## - PHYSICAL DESCRIPTION
Number of Pages 858
942 ## - ADDED ENTRY ELEMENTS (KOHA)
Koha item type Books
Holdings
Withdrawn status Lost status Collection code Permanent Location Current Location Shelving location Date acquired Full call number Accession Number Koha item type
    Computer Science MAJU MAJU   2019-09-12 005.2 1860 Computer Science

Powered by Koha